000 06060cam a22012854i 4500
003 PE-LiUPU
005 20250813185416.0
008 180518s2014 flua r 001 0 eng d
020 _a9781466572751
035 _a(Sirsi) a242016
040 _aPE-LiUPU
_bspa
_cPE-LiUPU
_erda
049 _aPRUA
082 0 4 _a333.750975
_bC6
_223
245 0 0 _aClimate change adaptation and mitigation management options :
_ba guide for natural resource managers in southern forest ecosystems /
_cedited by James M. Vose, Kier D. Klepzig.
264 1 _aBoca Raton :
_bCRC Press/Taylor & Francis Group,
_c[2014].
300 _axv, 476 páginas :
_bilustraciones ;
_c26 centímetros
336 _atext
_2rdacontent
337 _aunmediated
_2rdamedia
338 _avolume
_2rdacarrier
500 _aBibliografía : al final de cada capítulo.
504 _aÍndice : páginas 465-476.
505 0 _aIntroduction to climate change adaptation and mitigation management options / James M. Vose and Kier D. Klepzig -- Framing the future in the Southern United States : climate, land use, and forest conditions / David N. Wear, Thomas L. Mote, J. Marshall Shepherd, Binita K.C., and Christopher W. Strother -- A conceptual framework for adaptive forest management under climate change / Thomas P. Holmes, Steve McNulty, James M. Vose, Jeffrey P. Prestemon, and Harbin Li -- Water stress and social vulnerability in the Southern United States, 2010-2040 / Cassandra Johnson-Gaither, John Schelhas, Wayne Zipperer, Ge Sun, Peter V. Caldwell, and Neelam Poudyal -- Future wildfire trends, impacts, and mitigation options in the Southern United States / Yongqiang Liu, Jeffrey P. Prestemon, Scott L. Goodrick, Thomas P. Holmes, John A. Stanturf, James M. Vose, and Ge Sun -- Climate-induced changes in vulnerability to biological threats in the Southern United States / Rabiu Olatinwo, Qinfeng Guo, Songlin Fei, William Otrosina, Kier D. Klepzig, and Douglas Streett -- Adapting silviculture to a changing climate in the Southern United States / James M. Guldin -- Productivity and carbon sequestration of forests in the Southern United States / Kurt H. Johnsen, Tara L. Keyser, John R. Butnor, Carlos A. Gonzalez-Benecke, Donald J. Kaczmarek, Chris A. Maier, Heather R. McCarthy, and Ge Sun -- Managing forest water quantity and quality under climate change / Daniel A. Marion, Ge Sun, Peter V. Caldwell, Chelcy F. Miniat, Ying Ouyang, Devendra M. Amatya, Barton D. Clinton, Paul A. Conrads, Shelby Gull Laird, Zhaohua Dai, J. Alan Clingenpeel, Yonqiang Liu, Edwin A. Roehl Jr., Jennifer A. Moore Meyers, and Carl Trettin -- Climate-induced migration of native tree populations and consequences for forest composition / W. Henry McNab, Martin A. Spetich, Roger W. Perry, James D. Haywood, Shelby Gull Laird, Stacy L. Clark, Justin L. Hart, Scott J. Torreano, and Megan L. Buchanan -- Climate change and wildlife in the Southern United States : potential effects and management options / Cathryn H. Greenberg, Roger W. Perry, Kathleen E. Franzreb, Susan C. Loeb, Daniel Saenz, D. Craig Rudolph, Eric Winters, E.M. Fucik, M.A. Kwiatkowski, B.R. Parresol, J.D. Austin, and G.W. Tanner -- Climate change and outdoor recreation participation in the Southern United States / J.M. Bowker, Ashley E. Askew, Neelam Poudyal, Stanley J. Zarnoch, Lynne Seymour, and H. Ken Cordell -- Summary of findings, management options, and interactions / James M. Vose, Shelby Gull Laird, Zanethia D. Choice, and Kier D. Klepzig.
526 _aP202
526 _aP201
526 _aP163
526 _aP162
526 _aP161
526 _aP160
526 _aP148
526 _aP147
526 _aP146
526 _aP145
526 _aP144
526 _aP143
526 _aP142
526 _aP141
526 _aP140
526 _aP139
526 _aP138
526 _aP137
526 _aP136
526 _aP135
526 _aP134
526 _aP133
526 _aP129
526 _aP128
526 _aP127
526 _aP120
526 _aP119
526 _aP118
526 _aP116
526 _aP115
526 _aP114
526 _aP110
526 _aP109
526 _aP108
526 _aP104
526 _aP103
526 _aP102
526 _aP99
526 _aP98
526 _aP97
526 _aP96
526 _aP95
526 _aP93
526 _aP90
526 _aP89
526 _aP88
526 _aP83
526 _aP82
526 _aP62
526 _aP59
526 _aP58
526 _aP57
526 _aP51
526 _aP49
526 _aP48
526 _aP47
526 _aP29
526 _aP24
526 _aP20
526 _aP19
526 _aP17
526 _aP15
526 _aP14
526 _aP12
526 _aP10
526 _aP09
526 _aP08
526 _aP07
526 _aP06
526 _aP05
526 _aP04
526 _aP01
541 _gF002-00000048;
650 0 4 _aForest conservation
_zSouthern States.
650 0 4 _aConservación del bosque
_zSurcos del Sur.
650 0 4 _aForest ecology
_zSouthern States.
650 0 4 _aEcología forestal
_zEstados del sur.
650 0 4 _aForests and forestry
_xClimatic factors
_zSouthern States.
650 0 4 _aBosques y silvicultura
_xFactores climáticos
_zEstados del Sur.
700 1 _aKlepzig, Kier D.,
_eeditor.
700 1 _aVose, James M.,
_eeditor.
910 _adbm
_bjpc
_cjpc
_d20180518
942 _2ddc
_cBOOK
994 _aC0
_bPEPRU
596 _a1
999 _a333.750975 C6
_wDEWEY
_c27531
_i78450
_f2021-11-9
_g4
_lCCODEBUL1
_mBUL
_p191.00
_r0
_sY
_tBOOK
_u2018-5-18
_xINGENIERIA
_PP24
_0COMPRA
_1FCOMPRA
_o.STAFF. Colección Ingeniería y Arquitectura
_d27531
999 _a333.750975 C6
_wDEWEY
_c2
_i78451
_f2021-11-9
_g4
_lCCODEBUL1
_mBUL
_p191.00
_r0
_sY
_tBOOK
_u2018-5-18
_xINGENIERIA
_PP24
_0COMPRA
_1FCOMPRA
_o.STAFF. Colección Ingeniería y Arquitectura
980 _81
_gALBERTO SANCHEZ Responsable de Automatización